Welcome to the Holygrace Academy Library

Please use search bar below to get started

PAACHAKAMANJARI (Record no. 981)

MARC details
000 -LEADER
fixed length control field 00287nam a22001337a 4500
020 ## - INTERNATIONAL STANDARD BOOK NUMBER
ISBN 978-93-81318-88-1
082 ## - DEWEY DECIMAL CLASSIFICATION NUMBER
Classification number 641.5
Item number BEL/P
100 ## - MAIN ENTRY--AUTHOR NAME
Personal name BELKIS
245 ## - TITLE STATEMENT
Title PAACHAKAMANJARI
260 ## - PUBLICATION, DISTRIBUTION, ETC. (IMPRINT)
Place of publication THRISSUR
Name of publisher H & C BOOKS
Year of publication 2012
300 ## - PHYSICAL DESCRIPTION
Number of Pages 96
650 ## - SUBJECT ADDED ENTRY--TOPICAL TERM
Topical Term COOKING BOOK
Geographic subdivision INDIA
942 ## - ADDED ENTRY ELEMENTS (KOHA)
Koha item type Books
Holdings
Withdrawn status Lost status Collection code Home library Current library Shelving location Date acquired Source of acquisition Cost, normal purchase price Full call number Accession Number Koha item type
    Reference Main Library Main Library   24/03/2015 purchase 20.00 641.5 BEL/P 09602 Books
    Reference Main Library Main Library   24/03/2015 purchase 20.00 641.5 BEL/P 09601 Books